[Event "FISCA Online U14 op"]
[Site "Chess.com INT"]
[Date "2020.05.17"]
[Round "9"]
[White "Popa, Eduard Gabriel"]
[Black "Moroita, Vlad"]
[Result "1-0"]
[WhiteElo "1026"]
[BlackElo "1194"]
[PlyCount "79"]
[EventDate "2020.05.09"]
[EventType "swiss"]
[EventRounds "9"]
[EventCountry "ROU"]
[SourceTitle "EXT 2021"]
[Source "ChessBase"]
[SourceDate "2020.10.23"]
[SourceVersion "1"]
[SourceVersionDate "2020.10.23"]
[SourceQuality "1"]

1. e4 c6 2. Nf3 d5 3. exd5 cxd5 4. d4 Nf6 5. Bd3 Bg4 6. 0-0 e6 7. h3 Bh5 8. Nc3 Nc6 9. Be3 Bd6 10. a3 0-0 11. Nb5 Rc8 12. Nxd6 Qxd6 13. c3 Rfe8 14. Re1 Ne4 15. a4 f5 16. a5 a6 17. Be2 h6 18. Ne5 Bxe2 19. Qxe2 Nxe5 20. Bf4 Qe7 21. Bxe5 Qg5 22. Rac1 Nd2 23. h4 Qxh4 24. Qxd2 g5 25. Qd3 g4 26. Re3 Kf7 27. c4 Rg8 28. Qb3 Qe7 29. Rcc3 h5 30. cxd5 exd5 31. Qxd5+ Kg6 32. Rxc8 Rxc8 33. Bg3 Qg5 34. Re6+ Kg7 35. Qd7+ Kf8 36. Qxc8+ Kf7 37. Qd7+ Qe7 38. Qxe7+ Kg8 39. Be5 f4 40. Qg7# 1-0

[Event "ROM-ch U10"]
[Site "Calimanesti Caciulata"]
[Date "2019.04.20"]
[Round "7"]
[White "Popa, Eduard Gabriel"]
[Black "Savin, Mihai"]
[Result "0-1"]
[WhiteElo "1050"]
[BlackElo "1162"]
[PlyCount "98"]
[EventDate "2019.04.15"]
[EventType "swiss"]
[EventRounds "9"]
[EventCountry "ROU"]
[SourceTitle "CBM 190 Extra"]
[Source "ChessBase"]
[SourceDate "2019.07.15"]
[SourceVersion "1"]
[SourceVersionDate "2019.07.15"]
[SourceQuality "1"]

1. e4 c5 2. Nf3 Nc6 3. d4 cxd4 4. Nxd4 Nf6 5. Nc3 e5 6. Nf3 Bb4 7. Bd3 d5 8. exd5 Nxd5 9. Bd2 Nxc3 10. Bxc3 Bxc3+ 11. bxc3 Qe7 12. Bb5 Bd7 13. 0-0 0-0 14. Re1 Rad8 15. Qc1 f6 16. Bc4+ Be6 17. Bxe6+ Qxe6 18. h3 Rd7 19. Nd2 Rfd8 20. Ne4 Qc4 21. Qe3 b6 22. Qg3 Qf7 23. c4 Rd4 24. c5 bxc5 25. Nxc5 Rc4 26. Ne4 Rxc2 27. Qb3 Qxb3 28. axb3 Rb2 29. Rab1 Rxb1 30. Rxb1 Rb8 31. Nc5 Nd4 32. b4 a5 33. Na6 Rb6 34. b5 Rxb5 35. Ra1 Rb6 36. Rxa5 Nb3 37. Ra3 Kf7 38. Kh2 Nd4 39. Nc5 Rb2 40. Ne4 Re2 41. f3 Nxf3+ 42. Rxf3 Rxe4 43. Kg3 Kg6 44. Rf2 Re3+ 45. Kh4 h5 46. g4 hxg4 47. hxg4 Kh7 48. Rf5 g5+ 49. Kh5 Rh3# 0-1

[Event "ROM-ch U10"]
[Site "Calimanesti Caciulata"]
[Date "2019.04.15"]
[Round "1"]
[White "Santimbrean, Mihnea Nicolae"]
[Black "Popa, Eduard Gabriel"]
[Result "1-0"]
[WhiteElo "1333"]
[BlackElo "1050"]
[PlyCount "29"]
[EventDate "2019.04.15"]
[EventType "swiss"]
[EventRounds "9"]
[EventCountry "ROU"]
[SourceTitle "CBM 190 Extra"]
[Source "ChessBase"]
[SourceDate "2019.07.15"]
[SourceVersion "1"]
[SourceVersionDate "2019.07.15"]
[SourceQuality "1"]

1. e4 e5 2. Nf3 Nc6 3. Bc4 Bc5 4. c3 Nf6 5. d3 d5 6. exd5 Nxd5 7. Qb3 Be6 8. Ng5 0-0 9. Nf3 Na5 10. Qb5 b6 11. Nxe5 f6 12. Nf3 a6 13. Qa4 Bd7 14. Bxd5+ Be6 15. Bxe6+ 1-0